Word Ladder: Skilled Tradesman Quiz Stats

 Plays Quiz Updated Nov 24, 2017

Challenge
Share
Tweet
Embed
Score 0/10 Timer 01:00
3 Plays Today
Clue 5-Letter Word % Correct
To close and then open your eyes very quicklyBLINK
96.6%
Not filled inBLANK
94.5%
⚒ Having the very dark color of coal or the night sky ⚒⚒ BLACK ⚒
91.7%
Move creepingly as in fear or shameSLINK
86.4%
Like a road after an ice stormSLICK
85.1%
To cut something with a sharp objectSLICE
81%
⚒ Will of 'I Am Legend'; partner of Wesson ⚒⚒ SMITH ⚒
79%
To strike down, in the BibleSMITE
74.2%
Kitchen rack itemSPICE
57.2%
Deliberately annoy, upset or hurt someoneSPITE
55.2%

Today's Daily Dose

Missing Word
US Newspapers

Word Ladder
Shawn Mendes

On This Day
October 18th II

You're not logged in!

Compare scores with friends on all Sporcle quizzes.
Join for Free
OR
Log In

You Might Also Like...

Show Comments

Extras

Top Quizzes Today


Score Distribution

Your Account Isn't Verified!

In order to create a playlist on Sporcle, you need to verify the email address you used during registration. Go to your Sporcle Settings to finish the process.

Report this User

Report this user for behavior that violates our Community Guidelines.

Details: